000 00313nam a22001337a 4500
008 170405b xxu||||| |||| 00| 0 eng d
020 _a760000065828
041 _aeng
080 _a574
100 _a9
101 _aSHM
245 _aOUTBOOKS READINGS FOR ENVIRONMENTAL LITERACY
_cMCKINNEY, M.L
942 _2udc
_cBK
999 _c9728
_d9728